Normal view
MARC view
- Hope, Paula
Entry Personal Name
001 - CONTROL NUMBER
- control field: 1563
003 - CONTROL NUMBER IDENTIFIER
- control field: DLC
005 - DATE AND TIME OF LATEST TRANSACTION
- control field: 20240110103307.0
008 - FIXED-LENGTH DATA ELEMENTS
- fixed length control field: 190304n| azannaabn |n aaa
010 ## - LIBRARY OF CONGRESS CONTROL NUMBER
- LC control number: no2019032664
016 ## - NATIONAL BIBLIOGRAPHIC AGENCY CONTROL NUMBER
- Record control number: 1030G8141E
035 ## - SYSTEM CONTROL NUMBER
- System control number: (OCoLC)oca11862655
040 ## - CATALOGING SOURCE
- Original cataloging agency: CaOONL
- Language of cataloging: eng
- Description conventions: rda
- Transcribing agency: CaOONL
042 ## - AUTHENTICATION CODE
- Authentication code: nlc
100 1# - HEADING--PERSONAL NAME
- Personal name: Hope, Paula
370 ## - ASSOCIATED PLACE
- Associated country: Canada
- Source of term: naf
377 ## - ASSOCIATED LANGUAGE
- Language code: eng
670 ## - SOURCE DATA FOUND
- Source citation: Crossman, Susan. Your personal marketing playbook, 2019:
- Information found: CIP title page (Paula Hope) LAC CIP application (Canadian)